| 000 | 00824cam a2200241 4500 | ||
|---|---|---|---|
| 008 | 090401t1992 xxu||||| |||| 00| 0 eng d | ||
| 020 | _a0117525936 | ||
| 035 | _a(Sirsi) u58193 | ||
| 041 | _aeng | ||
| 050 | _a306.1 | ||
| 110 |
_aGerald Eve _9151 |
||
| 245 | 4 | _aThe relationship between house prices and land supply. | |
| 260 |
_aLondon _bHMSO _c1992 |
||
| 300 | _aix,120p. : ill. ; 30cm. | ||
| 350 | _a11.6 | ||
| 520 | _aStudy commissioned by the DoE on the realtionship between the land market, the housing market, house building and the planning system. | ||
| 650 | _aDEPARTMENT OF THE ENVIRONMENT | ||
| 650 | _aLAND PRICES | ||
| 690 | _aPROPERTY-RESIDENTIAL PROPERTY-RESIDENTIAL PROPERTY MARKET | ||
| 710 |
_aUniversity of Cambridge _bDepartment of Land Economy _9201 |
||
| 942 | _n0 | ||
| 948 | _c04/03/1997 | ||
| 999 |
_c94039 _d94039 |
||